[Event "Ufa Penzina Memorial"]
[Site "Ufa"]
[Date "2023.08.10"]
[Round "5"]
[White "Tazetdinova, Adelya"]
[Black "Yusupova, Zhisel"]
[Result "1/2-1/2"]
[WhiteElo "1564"]
[BlackElo "1462"]
[PlyCount "61"]
[EventDate "2023.08.06"]
[EventType "swiss"]
[EventRounds "9"]
[EventCountry "RUS"]
[SourceTitle "CBM 215 Extra"]
[Source "ChessBase"]
[SourceDate "2023.09.30"]
[SourceVersion "1"]
[SourceVersionDate "2023.09.30"]
[SourceQuality "1"]

1. Nf3 d5 2. d4 c6 3. Bf4 Nf6 4. e3 Bf5 5. c4 e6 6. cxd5 Bxb1 7. Qxb1 Bb4+ 8. Kd1 exd5 9. Bd3 Qe7 10. a3 Bd6 11. Bxd6 Qxd6 12. Ne5 Nbd7 13. Nxd7 Qxd7 14. h3 0-0 15. g4 Rfe8 16. Qc2 Rad8 17. Kd2 Ne4+ 18. Bxe4 dxe4 19. Rad1 b6 20. Kc1 Qd5 21. Kb1 Re7 22. Rc1 Rc8 23. Qc4 Rec7 24. Rc3 h6 25. Rhc1 Qd6 26. Qa4 Qd5 27. Qc4 Qd6 28. Qa4 Qd5 29. Qc4 Qd6 30. Qa4 Qd5 31. Qc4 1/2-1/2

[Event "Satka Autumn op (Women)"]
[Site "Satka"]
[Date "2022.09.06"]
[Round "8"]
[White "Yusupova, Zhisel"]
[Black "Kiseleva, Alina1111"]
[Result "0-1"]
[WhiteElo "1335"]
[BlackElo "1510"]
[PlyCount "78"]
[EventDate "2022.08.30"]
[EventType "swiss"]
[EventRounds "9"]
[EventCountry "RUS"]
[SourceTitle "CBM 210 Extra"]
[Source "ChessBase"]
[SourceDate "2022.11.30"]
[SourceVersion "1"]
[SourceVersionDate "2022.11.30"]
[SourceQuality "1"]

1. d4 d5 2. c4 e6 3. g3 Be7 4. Bg2 Nf6 5. Nf3 0-0 6. 0-0 c6 7. Qc2 b6 8. b3 Bb7 9. Nc3 Nbd7 10. e4 dxe4 11. Nxe4 c5 12. Nc3 cxd4 13. Nxd4 Bxg2 14. Kxg2 Qc7 15. Rd1 Qb7+ 16. Kg1 Rfd8 17. Bb2 Ne5 18. Nce2 Bc5 19. a3 Nfg4 20. Qc3 Bxd4 21. Nxd4 Rxd4 22. Rxd4 Nf3+ 23. Kf1 Nxd4 24. Qxd4 Nxh2+ 25. Ke2 Qf3+ 26. Ke1 f6 27. b4 Qf5 28. Ke2 Qc2+ 29. Ke3 h5 30. Rd1 Rc8 31. Rc1 Qf5 32. c5 Ng4+ 33. Ke2 Ne5 34. Rc3 bxc5 35. bxc5 Rb8 36. Rc1 Qf3+ 37. Kf1 Nd3 38. Rc3 Qd1+ 39. Kg2 Ne1+ 0-1

[Event "Satka Autumn op (Women)"]
[Site "Satka"]
[Date "2022.09.01"]
[Round "3"]
[White "Yusupova, Zhisel"]
[Black "Kovanova, Baira"]
[Result "0-1"]
[WhiteElo "1335"]
[BlackElo "2329"]
[PlyCount "106"]
[EventDate "2022.08.30"]
[EventType "swiss"]
[EventRounds "9"]
[EventCountry "RUS"]
[SourceTitle "CBM 210 Extra"]
[Source "ChessBase"]
[SourceDate "2022.11.30"]
[SourceVersion "1"]
[SourceVersionDate "2022.11.30"]
[SourceQuality "1"]

1. d4 Nf6 2. Nf3 e6 3. g3 b5 4. Bg2 Bb7 5. 0-0 Be7 6. b3 0-0 7. Bb2 d6 8. c4 a6 9. Nbd2 Nbd7 10. Qc2 bxc4 11. Nxc4 c5 12. Rfd1 cxd4 13. Bxd4 Rc8 14. Qb2 Qc7 15. Rac1 Qb8 16. e3 e5 17. Bc3 Ne4 18. Bb4 Nec5 19. a3 Rfe8 20. Rc2 Be4 21. Rcd2 Qb7 22. Ne1 Bxg2 23. Nxg2 Ne4 24. Rd3 Ndf6 25. Nxd6 Bxd6 26. Bxd6 Ng5 27. h4 Nf3+ 28. Kf1 e4 29. R3d2 Nxd2+ 30. Rxd2 Ng4 31. Nf4 Nh2+ 32. Kg2 Nf3 33. Rd1 Qd7 34. Rd5 Rc2 35. Qa1 Qg4 36. Be7 h6 37. Bf6 Rec8 38. Rd8+ Rxd8 39. Bxd8 Qc8 40. Nh5 Qc3 41. Qxc3 Rxc3 42. Be7 Rxb3 43. Nf4 Ne1+ 44. Kf1 Nd3 45. Nh3 f6 46. g4 Kf7 47. Bd6 g5 48. hxg5 hxg5 49. Kg2 Ke6 50. Bf8 Rb8 51. Bh6 Ne5 52. Kg3 Nf7 53. Bg7 Rg8 0-1